PHE02 : (Record no. 1119)

MARC details
000 -LEADER
campo de control de longitud fija 00869nam a22002177a 4500
008 - DATOS DE LONGITUD FIJA--INFORMACIÓN GENERAL
campo de control de longitud fija 170118s2002 sp||||| |||| 00| 0 spa d
020 ## - NÚMERO INTERNACIONAL ESTÁNDAR DEL LIBRO
Número Internacional Estándar del Libro 84270812002
082 04 - NÚMERO DE LA CLASIFICACIÓN DECIMAL DEWEY
Número de clasificación 770.9
Número de ítem P575p
111 1# - ENTRADA PRINCIPAL--NOMBRE DE CONGRESO/REUNIÓN
Nombre de congreso/reunión o jurisdicción como elemento de entrada Festival Internacional de Fotografía PhotoEspaña.
9 (RLIN) 5703
245 1# - MENCIÓN DEL TÍTULO
Título PHE02 :
Resto del título femeninos /
Mención de responsabilidad, etc. Festival Internacional de Fotografía PhotoEspaña ; coordinación por Anne Morin.
250 ## - MENCION DE EDICION
Mención de edición 1a ed.
260 ## - PUBLICACIÓN, DISTRIBUCIÓN, ETC.
Lugar de publicación, distribución, etc. Madrid, España :
Nombre del editor, distribuidor, etc. Festival Internacional de Fotografía PhotoEspaña,
Fecha de publicación, distribución, etc. 2002.
300 ## - DESCRIPCIÓN FÍSICA
Extensión [200] p.
Otras características físicas il. col.
500 ## - NOTA GENERAL
Nota general Catálogo publicado con motivo a la V Edición del Festival Internacional de Fotografía PHotoEspaña "Femeninos".
653 10 - TÉRMINO DE INDIZACIÓN--NO CONTROLADO
Término no controlado Arte contemporáneo
653 10 - TÉRMINO DE INDIZACIÓN--NO CONTROLADO
Término no controlado Fotografía
653 10 - TÉRMINO DE INDIZACIÓN--NO CONTROLADO
Término no controlado Arte - Feminismo
653 10 - TÉRMINO DE INDIZACIÓN--NO CONTROLADO
Término no controlado Fotografía - Siglo XX
653 10 - TÉRMINO DE INDIZACIÓN--NO CONTROLADO
Término no controlado Fotografía - Mujeres
700 1# - ENTRADA AGREGADA--NOMBRE PERSONAL
Nombre de persona Morin, Anne.
Término indicativo de función/relación coordinadora.
9 (RLIN) 5704
Holdings
Estatus retirado Estado de pérdida Fuente del sistema de clasificación o colocación Estado de daño No para préstamo Biblioteca de origen Biblioteca actual Ubicación en estantería Fecha de adquisición Total de préstamos Signatura topográfica completa Código de barras Visto por última vez Precio de reemplazo Tipo de ítem Koha
    Clasificación Decimal Dewey     Biblioteca LadoV Biblioteca LadoV   18/01/2017   770.9 P575p 001712 18/01/2017 18/01/2017 Material 01